| 000 | 00930cam a22001811 4500 | ||
|---|---|---|---|
| 082 |
_a355.0092 _bCUS |
||
| 100 | 1 |
_aCust, Edward, _949268 |
|
| 245 | 1 | 0 |
_aLives of the warriors of the Thirty Years' War. _bWarriors of the 17th century. _cBy Lieut.-Gen. the Hon. Sir Edward Cust. |
| 260 |
_aLondon, _bJ. Murray, _c1865. |
||
| 300 |
_a2 v. _c20 cm. |
||
| 500 | _aPaged continuously. | ||
| 505 | 0 | _av. 1. Maurice of Nassau. Marquis de Spinola. Count Mansfeld. Tzerclaes, count von Tilly. Gustavus Adolphus. Godfrey von Pappenheim. Albrecht von Waldstein.--v. 2. Bernhard, duke of Saxe Weimar. Johann van Baner. Mathias von Gallas. Leonard von Torstenson. John de Weerth. Gustavus Horn. Octavio Piccolomini. Gustavus Wrangel. Raymond de Montecucculi. | |
| 526 |
_a0 _b0 _c0 _d355_009200000000000_CUS |
||
| 650 | 0 |
_aMCE _9379 |
|
| 650 | 0 |
_aMilitary biography. _948590 |
|
| 650 | 0 |
_aThirty Years' War, 1618-1648. _949269 |
|
| 942 |
_2ddc _cBK |
||
| 999 |
_c552065 _d552065 |
||